Urban Dictionary Slang - Statistics

General Stats
  • This quiz has been taken 192 times
  • The average score is 6 of 11
Answer Stats
Definition Answer % Correct
An internet joke that spreads like wildfire, especially of random or contentless information Meme
80%
Meaning, "On Point," usually when referring to one's eyebrows Fleek
73%
Meaning "Whats up", but a really lazy way of saying it Suh
73%
You would call someone, or a farm animal, this when you believe they are the best to ever live G.O.A.T.
63%
Meaning when something, usually a party, is very popular or exciting Lit
53%
To be exceptionally bitter or aggravated about something Salty
50%
When a fan group loves the idea of their idols being in a relationship, real or not Ship
50%
Meaning on the down low, when someone doesn't want everyone to know something Lowkey
47%
When someone idolizes a celebrity to the point of stalking them. A combination of two words Stan
38%
Someone who is unecessary or does unecessary things, they are considered this term Extra
30%
Someone who doesn't care about the consequences, who is also very hardcore Savage
16%
No matching quizzes found
Score Distribution
Percent of People with Each Score
Percentile by Number Answered
Your Score History
You have not taken this quiz